| 000 | 02578nam a2200397 a 4500 | ||
|---|---|---|---|
| 001 | ebr10201430 | ||
| 003 | CaPaEBR | ||
| 006 | m u | ||
| 007 | cr cn||||||||| | ||
| 008 | 060804s2006 njua sb 001 0 eng | ||
| 010 | _z 2006050158 | ||
| 020 | _z9812567577 | ||
| 020 | _z9789812567574 | ||
| 040 |
_aCaPaEBR _cCaPaEBR |
||
| 035 | _a(OCoLC)277199892 | ||
| 043 | _aa------ | ||
| 050 | 1 | 4 |
_aHC412 _b.I5235 2006eb |
| 082 | 0 | 4 |
_a337.1/5 _222 |
| 245 | 0 | 0 |
_aInternational economic integration and Asia _h[electronic resource] / _cedited by Michael G. Plummer, Erik Jones. |
| 260 |
_aNew Jersey : _bWorld Scientific, _cc2006. |
||
| 300 |
_axxi, 364 p. : _bill. |
||
| 490 | 1 |
_aAdvanced research in Asian economic studies, _x1793-0944 ; _vv. 3 |
|
| 504 | _aIncludes bibliographical references and index. | ||
| 505 | 0 | _aEast Asian economic regionalism : progress and challenges / Masahiro Kawai -- Sequencing regional integration in Asia / Richard Pomfret -- ASEAN+3 : is an economic community in their future? / James Angresano -- Stock market performance in ASEAN : is institutional integration warranted? / Reid W. Click and Michael G. Plummer -- The institution of a single currency area : lessons for Asia from the European Monetary Union / Sergio Rossi -- Deep integration and its impacts on non-members : EU enlargement and East Asia / Hiro Lee and Dominique van der Mensbrugghe -- Small change : a critical examination of the economic relationship between South Asia and the European Union / Jonathon W. Moses and Maggi Brigham -- The effects of North-South regional trade policies : a comparison of Mediterranean countries with ASEAN / Nicolas Peridy -- Reconciling the tensions between regional integration and cohesion / Mary Farrell -- Lessons for Asia? Legitimacy and quasi-democratic mechanisms in European and American market integration / Craig Parsons and J. David Richardson. | |
| 533 |
_aElectronic reproduction. _bPalo Alto, Calif. : _cebrary, _d2013. _nAvailable via World Wide Web. _nAccess may be limited to ebrary affiliated libraries. |
||
| 610 | 2 | 0 | _aASEAN. |
| 650 | 0 | _aInternational economic integration. | |
| 651 | 0 |
_aAsia _xEconomic integration. |
|
| 651 | 0 |
_aAsia _xEconomic policy. |
|
| 655 | 7 |
_aElectronic books. _2local |
|
| 700 | 1 |
_aPlummer, Michael G., _d1959- |
|
| 700 | 1 | _aJones, Erik. | |
| 710 | 2 | _aebrary, Inc. | |
| 830 | 0 |
_aAdvanced research in Asian economic studies ; _vv. 3. |
|
| 856 | 4 | 0 |
_uhttp://site.ebrary.com/lib/rucke/Doc?id=10201430 _zAn electronic book accessible through the World Wide Web; click to view |
| 999 |
_c120139 _d120139 |
||